[Event "4NCL-9899A BA1-SL"]
[Site "Rd4-Birmingham"]
[Date "1998.11.22"]
[Round "4.3"]
[White "Pert, Nicholas"]
[Black "Summerscale, Aaron"]
[Result "1/2-1/2"]
[WhiteElo "2390"]
[BlackElo "2455"]
[PlyCount "76"]
[EventDate "1998.11.22"]

1. d4 d5 2. Nf3 e6 3. g3 Nf6 4. Bg2 Be7 5. O-O O-O 6. c4 dxc4 7. Qc2 a6 8. a4
Nbd7 9. Nbd2 c5 10. Nxc4 cxd4 11. Nxd4 Nb6 12. Nxb6 Qxb6 13. Be3 Qa5 14. Nb3
Qh5 15. Bc5 Bxc5 16. Nxc5 Rb8 17. a5 b6 18. axb6 Rxb6 19. Ra5 Qe5 20. Ra2 Nd7
21. Nd3 Qb8 22. Rc1 Nf6 23. Qc7 Bd7 24. e3 Rc8 25. Qxb8 Rcxb8 26. Bf1 g6 27.
Rc7 Bb5 28. Ne5 Bxf1 29. Kxf1 Rxb2 30. Rxa6 R2b7 {(Draw offer)} 31. Ra7 Rxc7
32. Rxc7 Rb2 33. Nxf7 Ng4 34. Kg1 Nxf2 35. Nh6+ Kh8 36. Nf7+ Kg8 37. Nh6+ Kh8
38. Nf7+ Kg8 1/2-1/2

[Event "4NCL-9899A BA1-SL"]
[Site "Rd4-Birmingham"]
[Date "1998.11.22"]
[Round "4.4"]
[White "Turner, Matthew"]
[Black "Pritchett, Craig"]
[Result "1/2-1/2"]
[WhiteElo "2475"]
[BlackElo "2355"]
[PlyCount "84"]
[EventDate "1998.11.22"]

1. c4 e5 2. Nc3 Nf6 3. g3 Bb4 4. Bg2 O-O 5. e4 d6 6. Nge2 Be6 7. d3 a5 8. O-O
Qd7 9. f4 Bc5+ 10. Kh1 Bh3 11. f5 Bxg2+ 12. Kxg2 c6 13. Bg5 Qd8 14. h3 Nbd7 15.
Qd2 a4 16. g4 h6 17. Bh4 Nxe4 18. Nxe4 Qxh4 19. f6 g6 20. d4 Bxd4 21. Nxd4 exd4
22. Nxd6 Nxf6 23. Qxd4 Nh7 24. Rae1 Rad8 25. c5 Ng5 26. Re3 Ne6 27. Qc3 Qg5 28.
Ne4 Qd5 29. Kg3 Qd4 30. Rf6 Kg7 31. Ref3 Qxc3 32. bxc3 Rd5 33. Nd6 Ng5 34. Rf1
Rxc5 35. h4 Rxc3+ 36. Kg2 Rc2+ 37. Kh1 Nh7 38. Rxf7+ Rxf7 39. Rxf7+ Kg8 40.
Rxb7 Nf6 41. Rb8+ Kg7 42. Rb7+ Kg8 1/2-1/2

[Event "4NCL-9899A BA1-SL"]
[Site "Rd4-Birmingham"]
[Date "1998.11.22"]
[Round "4.5"]
[White "Hansen, Carsten"]
[Black "McNab, Colin"]
[Result "1/2-1/2"]
[WhiteElo "2305"]
[BlackElo "2455"]
[PlyCount "89"]
[EventDate "1998.11.22"]

1. d4 d6 2. Nf3 g6 3. c4 Nd7 4. Nc3 e5 5. Bg5 f6 6. Bd2 Bg7 7. g3 c6 8. Bg2 Qe7
9. d5 c5 10. e4 Nh6 11. O-O O-O 12. Qc1 Nf7 13. Nh4 Nb6 14. Ne2 Bd7 15. b3 Rae8
16. Qc2 f5 17. a4 f4 18. a5 Na8 19. Nf3 g5 20. Ne1 g4 21. f3 Ng5 22. Nc3 Nc7
23. Qd3 fxg3 24. hxg3 Na6 25. Nb5 Nb4 26. Bxb4 cxb4 27. Nxa7 Rf6 28. fxg4 Rxf1+
29. Qxf1 Bxg4 30. Qd3 {(Draw offer)} Qc7 31. Qe3 Bh6 32. Qb6 Qf7 33. Ra2 Qg6
34. Rf2 Bh3 35. Qxb7 Bxg2 36. Kxg2 Nxe4 37. Rf3 Rf8 38. Nc6 {(Draw offer)} Qg4
39. Ne7+ Kh8 40. Nf5 Bd2 41. Nd3 Rg8 {(Draw offer)} 42. Qf7 Qxf3+ 43. Kxf3 Ng5+
44. Ke2 Nxf7 45. Kxd2 1/2-1/2

[Event "4NCL-9899A BA1-SL"]
[Site "Rd4-Birmingham"]
[Date "1998.11.22"]
[Round "4.6"]
[White "Lawton, Geoff"]
[Black "Lauterbach, Ingrid"]
[Result "1-0"]
[WhiteElo "2370"]
[BlackElo "2170"]
[PlyCount "55"]
[EventDate "1998.11.22"]

1. d4 d6 2. Nf3 Nf6 3. Bg5 Nbd7 4. c4 c5 5. Nc3 Qa5 6. Qd2 cxd4 7. Nxd4 h6 8.
Nd5 Qxd2+ 9. Bxd2 Nxd5 10. cxd5 Nc5 11. Nb5 Na6 12. e4 g6 13. Bc3 Rg8 14. Rc1
Bg7 15. Bxg7 Rxg7 16. Nxa7 Nc5 17. Nxc8 Rxc8 18. Rc4 Kd8 19. h4 Ra8 20. a3 f5
21. exf5 gxf5 22. Rh3 Ra4 23. b4 Ne4 24. Rf3 Nf6 25. Rcf4 Nxd5 26. Rxf5 e6 27.
Rf8+ Ke7 28. Bb5 1-0

[Event "4NCL-9899A BA1-SL"]
[Site "Rd4-Birmingham"]
[Date "1998.11.22"]
[Round "4.7"]
[White "Haslinger, Stewart"]
[Black "Lalic, Susan"]
[Result "0-1"]
[WhiteElo "2225"]
[BlackElo "2350"]
[PlyCount "90"]
[EventDate "1998.11.22"]

1. e4 c6 2. d4 d5 3. Nd2 dxe4 4. Nxe4 Bf5 5. Ng3 Bg6 6. h4 h6 7. Nf3 Nf6 8. h5
Bh7 9. Bd3 Bxd3 10. Qxd3 e6 11. Bd2 Be7 12. O-O-O O-O 13. Ne4 c5 14. Nxf6+ Bxf6
15. dxc5 Qxd3 16. cxd3 Rc8 17. d4 b6 18. b4 a5 19. a3 axb4 20. axb4 bxc5 21.
dxc5 Ra2 22. Ne1 Nc6 23. Nc2 Rca8 24. Be3 Rb2 25. Bd4 Bxd4 26. Nxd4 Rxf2 27.
Nb3 Nxb4 28. Rd2 Ra2 29. Rhd1 Rxg2 30. Rxg2 Rxg2 31. Rd4 Na2+ 32. Kd1 Nc3+ 33.
Ke1 Nd5 34. Kd1 Rb2 35. Rd3 Kf8 36. Kc1 Ra2 37. Rg3 Nf4 38. Rf3 Nd5 39. Rg3 Rh2
40. c6 Rxh5 41. Rg4 Rh3 42. Kb2 Rc3 43. Nd4 e5 44. Nf5 Rxc6 45. Ra4 Rc8 0-1

[Event "4NCL-9899A BA1-SL"]
[Site "Rd4-Birmingham"]
[Date "1998.11.22"]
[Round "4.8"]
[White "Smith, Andrew P"]
[Black "Kieran, Rosalind"]
[Result "1-0"]
[WhiteElo "2290"]
[BlackElo "2015"]
[PlyCount "61"]
[EventDate "1998.11.22"]

1. e4 c5 2. Nf3 d6 3. d4 cxd4 4. Nxd4 Nf6 5. Nc3 g6 6. Nd5 Nxd5 7. Bb5+ Bd7 8.
exd5 Bg7 9. O-O O-O 10. Bxd7 Nxd7 11. Be3 Nb6 12. Nb5 Bxb2 13. Rb1 Bf6 14. Nxa7
Nc4 15. Rxb7 Nxe3 16. fxe3 Re8 17. Qd2 Bg5 18. Qf2 f5 19. Qg3 e5 20. Nc6 Qf6
21. Qh3 h5 22. e4 Rxa2 23. Qb3 Raa8 24. exf5 e4 25. fxg6 Ra1 26. Rxa1 Qxa1+ 27.
Qb1 Qc3 28. Qf1 Qc5+ 29. Kh1 Qxd5 30. Qf7+ Qxf7 31. gxf7+ 1-0

[Event "4NCL-9899A BA2-HH"]
[Site "Rd4-Birmingham"]
[Date "1998.11.22"]
[Round "4.1"]
[White "Crouch, Colin"]
[Black "Norwood, David"]
[Result "1-0"]
[WhiteElo "2410"]
[BlackElo "2535"]
[PlyCount "61"]
[EventDate "1998.11.22"]

1. d4 g6 2. e4 Bg7 3. c4 d6 4. Nc3 e5 5. dxe5 dxe5 6. Qxd8+ Kxd8 7. f4 Nd7 8.
Nf3 c6 9. Be2 f6 10. O-O Nh6 11. fxe5 Nxe5 12. Nxe5 fxe5 13. b4 Be6 14. b5 Nf7
15. Bg4 Bxg4 16. Rxf7 Bf8 17. Bg5+ Kc8 18. Be7 Bh6 19. Bd6 Be3+ 20. Kh1 Bb6 21.
c5 Ba5 22. Bxe5 Re8 23. Bf6 Bxc3 24. Bxc3 cxb5 25. Rxh7 a5 26. Rf1 Be6 27. Be5
Bc4 28. c6 bxc6 29. Rc7+ Kd8 30. Rd1+ Bd5 31. Bg3 1-0

[Event "4NCL-9899A BA2-HH"]
[Site "Rd4-Birmingham"]
[Date "1998.11.22"]
[Round "4.2"]
[White "Hennigan, Michael"]
[Black "Twyble, Michael"]
[Result "1-0"]
[WhiteElo "2430"]
[BlackElo "2215"]
[PlyCount "83"]
[EventDate "1998.11.22"]

1. Nf3 Nf6 2. g3 g6 3. Bg2 Bg7 4. O-O O-O 5. c4 c5 6. Nc3 Nc6 7. d3 d6 8. a3 a6
9. Rb1 Rb8 10. b4 cxb4 11. axb4 b5 12. cxb5 axb5 13. Be3 Ng4 14. Bd2 Nge5 15.
Ne1 Bd7 16. h3 f5 17. Qb3+ e6 18. Nc2 d5 19. Be3 Qf6 20. Bc5 Rfc8 21. Na3 Nf3+
22. Bxf3 Qxc3 23. Qxc3 Bxc3 24. Rfc1 Bg7 25. e3 Ra8 26. Nc2 Ra2 27. d4 Bf6 28.
Ne1 Rca8 29. Kf1 R8a3 30. Be2 Nb8 31. Bd6 Na6 32. Nd3 Kf7 33. Ke1 Be7 34. Ne5+
Ke8 35. Bxe7 Kxe7 36. Nxd7 Kxd7 37. Bxb5+ Kd8 38. Be2 Ra4 39. b5 Nb4 40. b6
Nc2+ 41. Kd1 Nxd4 42. b7 1-0

[Event "4NCL-9899A BA2-HH"]
[Site "Rd4-Birmingham"]
[Date "1998.11.22"]
[Round "4.4"]
[White "Tozer, Richard"]
[Black "Lewis, Andrew P"]
[Result "0-1"]
[WhiteElo "2305"]
[BlackElo "2275"]
[PlyCount "80"]
[EventDate "1998.11.22"]

1. d4 Nf6 2. c4 g6 3. Nc3 Bg7 4. e4 d6 5. Be2 O-O 6. Bg5 Na6 7. Qd2 e5 8. d5
Qe8 9. Bd3 Nh5 10. Nge2 f5 11. f3 Nc5 12. Bc2 a5 13. exf5 gxf5 14. O-O-O Bd7
15. g3 b5 16. cxb5 Bxb5 17. Rhe1 Qb8 18. Bh6 Bxe2 19. Rxe2 f4 20. Bxg7 Nxg7 21.
g4 Qb6 22. Bb1 Ne8 23. Qc2 Rf7 24. g5 Rg7 25. h4 a4 26. h5 a3 27. b3 Ra5 28. h6
Rg6 29. Qd2 Rxg5 30. Rg2 Rg3 31. Bc2 Kf7 32. Rdg1 Rxf3 33. Rg8 Nxb3+ 34. axb3
a2 35. Nxa2 Rxa2 36. Qh2 Ra1+ 37. Bb1 Qe3+ 38. Kb2 Qd4+ 39. Kc1 Rc3+ 40. Qc2
Rxc2+ 0-1

[Event "4NCL-9899A BA2-HH"]
[Site "Rd4-Birmingham"]
[Date "1998.11.22"]
[Round "4.5"]
[White "Kenworthy, Gary"]
[Black "Hassabis, Demis"]
[Result "1-0"]
[WhiteElo "2275"]
[BlackElo "2176"]
[PlyCount "113"]
[EventDate "1998.11.22"]

1. e4 c5 2. Nf3 Nc6 3. d4 cxd4 4. Nxd4 e5 5. Nb5 d6 6. a4 Be7 7. N1c3 a6 8. Na3
Be6 9. Bc4 Nf6 10. O-O O-O 11. Re1 Nb4 12. b3 Nxe4 13. Rxe4 d5 14. Nxd5 Bxd5
15. Bxd5 Qxd5 16. Qe2 Rad8 17. Bb2 f6 18. Nc4 Nc6 {(Draw offer)} 19. Rf1 b5 20.
axb5 axb5 21. Na3 Bxa3 22. Bxa3 Nd4 23. Rxd4 exd4 24. Bxf8 Rxf8 {(Draw offer)}
25. Rd1 Qc5 26. g3 b4 27. Qe6+ Kh8 28. Rd2 Rd8 29. Re2 h6 30. Qf7 Qd5 31. Re8+
Kh7 32. Qxd5 Rxd5 33. Rb8 d3 34. cxd3 Rxd3 35. Rxb4 Rd1+ 36. Kg2 Rb1 37. h4 Kg6
38. Rb5 Rb2 39. h5+ Kf7 40. Rb7+ Kf8 41. Kf3 f5 42. Ke3 Kg8 43. Rb5 Kh7 44. f3
Rc2 45. Kf4 Rc3 46. Rb7 Rd3 47. b4 Rc3 48. b5 Rb3 49. b6 Rb5 50. Ke3 Rb3+ 51.
Kd4 Rxf3 52. Rf7 Rxg3 53. Rxf5 Rb3 54. Kc5 g5 55. Rf7+ Kg8 56. Rf6 Kg7 57. Rg6+
1-0

[Event "4NCL-9899A BA2-HH"]
[Site "Rd4-Birmingham"]
[Date "1998.11.22"]
[Round "4.6"]
[White "Wade, Robert"]
[Black "Duncan, Chris"]
[Result "0-1"]
[WhiteElo "2220"]
[BlackElo "2265"]
[PlyCount "107"]
[EventDate "1998.11.22"]

1. e4 c5 2. g3 Nc6 3. Bg2 g6 4. f4 Bg7 5. Nf3 d6 6. c3 e5 7. O-O Nge7 8. Na3
O-O 9. d3 d5 10. Nxe5 Nxe5 11. fxe5 Bxe5 12. Bh6 Bg7 13. Bxg7 Kxg7 14. Qf3 Be6
15. Qf6+ Kg8 16. e5 Nf5 17. Rae1 d4 18. Qxd8 Rfxd8 19. c4 Ne3 20. Rf2 Bf5 21.
Rd2 Rab8 22. Nb5 Re8 23. Nd6 Re7 24. Bd5 b6 25. Nxf5 gxf5 26. b4 cxb4 27. Rb1
a5 28. a3 bxa3 29. Bc6 Rxe5 30. Ra2 f4 31. gxf4 Rf5 32. Rxa3 Nc2 33. Ra4 Nb4
34. Be4 Rxf4 35. c5 f5 36. Bg2 bxc5 37. Rxa5 Rc8 38. Ra7 Rg4 39. Rf1 Rg7 40.
Rxg7+ Kxg7 41. Rxf5 Nxd3 42. Be4 Nb2 43. Rg5+ Kh8 44. Rd5 Rc7 45. Kf2 Nd1+ 46.
Kf3 Nc3 47. Rd8+ Kg7 48. Bf5 Nd1 49. Ke4 Ne3 50. Be6 Kf6 51. Bb3 Ke7 52. Rb8
Ng4 53. Rb6 c4 54. Bd1 0-1

[Event "4NCL-9899A BA2-HH"]
[Site "Rd4-Birmingham"]
[Date "1998.11.22"]
[Round "4.7"]
[White "Palliser, Richard"]
[Black "Hennigan, Rita"]
[Result "1/2-1/2"]
[WhiteElo "2175"]
[BlackElo "2215"]
[PlyCount "58"]
[EventDate "1998.11.22"]

1. d4 Nf6 2. c4 g6 3. Nc3 d5 4. cxd5 Nxd5 5. e4 Nxc3 6. bxc3 c5 7. Be3 Bg7 8.
Qd2 Qa5 9. Rb1 cxd4 10. cxd4 Qxd2+ 11. Kxd2 O-O 12. Nf3 Rd8 13. Bd3 e6 14. Rhc1
Nc6 15. Rc4 h6 16. e5 Ne7 17. a4 Nd5 18. a5 b6 19. axb6 axb6 20. Be4 Rb8 21.
Rc2 b5 22. Ne1 b4 23. Bxd5 exd5 24. Nd3 Bf5 25. Rb3 Bf8 26. Rcb2 Rb5 27. Nxb4
Rdb8 28. Kc3 Rc8+ 29. Kd2 Rcb8 1/2-1/2

[Event "4NCL-9899A BA2-HH"]
[Site "Rd4-Birmingham"]
[Date "1998.11.22"]
[Round "4.8"]
[White "Martin, Barry"]
[Black "Lang, Heather"]
[Result "1/2-1/2"]
[WhiteElo "2010"]
[BlackElo "2010"]
[PlyCount "56"]
[EventDate "1998.11.22"]

1. d4 f5 2. Nf3 Nf6 3. Bg5 Ne4 4. Bf4 c5 5. dxc5 Qa5+ 6. Nbd2 Nc6 7. c3 Qxc5 8.
Nxe4 fxe4 9. Nd2 d5 10. e3 Bf5 11. Be2 Rd8 12. Bc7 e5 13. Nb3 Qe7 14. Bxd8 Qxd8
15. O-O a5 16. a4 g6 17. Bg4 Ne7 18. Qe2 Bg7 19. Qb5+ Kf7 20. Bxf5 gxf5 21.
Rad1 Qc8 22. Nxa5 f4 23. Rd2 f3 24. gxf3 Qh3 25. fxe4 Qg4+ 26. Kh1 Qf3+ 27. Kg1
Qg4+ 28. Kh1 Qf3+ 1/2-1/2

[Event "4NCL-9899A BR-WES"]
[Site "Rd4-Birmingham"]
[Date "1998.11.22"]
[Round "4.1"]
[White "Ansell, Simon"]
[Black "Webb, Richard"]
[Result "1/2-1/2"]
[WhiteElo "2380"]
[BlackElo "2340"]
[PlyCount "36"]
[EventDate "1998.11.22"]

1. e4 c5 2. Nf3 d6 3. c3 Nf6 4. Be2 g6 5. O-O Bg7 6. Bb5+ Bd7 7. Bxd7+ Nbxd7 8.
Re1 e5 9. d4 cxd4 10. cxd4 O-O 11. Nc3 Rc8 12. dxe5 dxe5 13. Be3 Nc5 14. Bxc5
Rxc5 15. Qb3 Qc7 16. Rad1 a6 17. a4 h6 18. h3 Rc8 1/2-1/2

[Event "4NCL-9899A BR-WES"]
[Site "Rd4-Birmingham"]
[Date "1998.11.22"]
[Round "4.2"]
[White "Rossiter, Philip"]
[Black "Mah, Karl"]
[Result "1-0"]
[WhiteElo "2365"]
[BlackElo "2330"]
[PlyCount "69"]
[EventDate "1998.11.22"]

1. e4 c5 2. Nc3 Nc6 3. Bb5 d6 4. Bxc6+ bxc6 5. f4 g6 6. Nf3 Bg7 7. d3 Nh6 8.
O-O O-O 9. Qe1 f5 10. e5 Nf7 11. e6 Nh6 12. h3 Bd4+ 13. Kh2 Kg7 14. Na4 Rf6 15.
Ng5 Ng8 16. c3 h6 17. cxd4 hxg5 18. fxg5 Rxe6 19. Qf2 Qa5 20. b3 cxd4 21. Qxd4+
Kf7 22. Bb2 Re5 23. Qh4 Be6 24. Rfe1 Rxe1 25. Rxe1 Bd5 26. Nc3 Rf8 27. b4 Qb6
28. Nxd5 cxd5 29. Qh7+ Ke8 30. Qxg6+ Kd8 31. Qe6 Qxb4 32. Rc1 Qb7 33. Bc3 Kc7
34. Bg7+ Kb8 35. Bxf8 1-0

[Event "4NCL-9899A BR-WES"]
[Site "Rd4-Birmingham"]
[Date "1998.11.22"]
[Round "4.3"]
[White "Buckley, Graeme"]
[Black "Yeo, Michael"]
[Result "1-0"]
[WhiteElo "2295"]
[BlackElo "2180"]
[PlyCount "85"]
[EventDate "1998.11.22"]

1. d4 d5 2. c4 Nc6 3. Nf3 Bg4 4. Nc3 e6 5. e3 Bb4 6. Be2 Nge7 7. O-O O-O 8. Qc2
Bf5 9. Qb3 Rb8 10. a3 Bxc3 11. Qxc3 dxc4 12. Qxc4 Nd5 13. Bd2 Nb6 14. Qc1 h6
15. b4 Nc8 16. b5 N6e7 17. Ne5 Nd6 18. a4 Rc8 19. Bb4 Re8 20. f3 Nd5 21. Bc5
Qg5 22. Ra3 b6 23. Bxd6 cxd6 24. Nc6 Rc7 25. g3 Bh3 26. Re1 Qg6 27. e4 Ne7 28.
Rc3 Qf6 29. e5 dxe5 30. dxe5 Qg6 31. Nxe7+ Rcxe7 32. g4 h5 33. Qf4 f5 34. g5
Rd7 35. Kf2 Red8 36. Rc4 Rf8 37. Kg3 Bg4 38. h4 Qe8 39. Rf1 Rd5 40. fxg4 Qb8
41. gxh5 Rxe5 42. Bf3 Rd8 43. Rfc1 1-0

[Event "4NCL-9899A BR-WES"]
[Site "Rd4-Birmingham"]
[Date "1998.11.22"]
[Round "4.4"]
[White "Neil, David"]
[Black "Beaumont, Chris"]
[Result "0-1"]
[WhiteElo "2260"]
[BlackElo "2330"]
[PlyCount "98"]
[EventDate "1998.11.22"]

1. e4 c5 2. Nc3 Nc6 3. f4 g6 4. Nf3 Bg7 5. Bb5 Nd4 6. a4 Nxb5 7. axb5 d6 8. O-O
Nf6 9. Qe2 O-O 10. d3 b6 11. h3 Bb7 12. g4 a6 13. bxa6 Rxa6 14. Rxa6 Bxa6 15.
f5 b5 16. Nd1 Qa8 17. Nf2 Bb7 18. Nh1 c4 19. Ng3 b4 20. Re1 cxd3 21. cxd3 Rc8
22. Be3 Qa4 23. Rc1 Rxc1+ 24. Bxc1 Ba6 25. Ne1 Qb3 26. Nf1 Nd7 27. Nd2 Qa2 28.
Ndf3 Nc5 29. e5 dxe5 30. Nxe5 Qd5 31. Bf4 Bb7 32. N5f3 e6 33. fxg6 hxg6 34. Kg2
Ba6 35. Qd2 Nxd3 36. Nxd3 Bxd3 37. Qxb4 Be2 38. Qa3 Bxb2 39. Qe3 Ba6 40. Qf2
Bb7 41. Kg3 Qd1 42. Ng5 Qd3+ 43. Kh4 Qd4 44. Be3 Qh8+ 45. Kg3 Be5+ 46. Bf4 Bd4
47. Qd2 Qf6 48. Be3 Be5+ 49. Bf4 Qxg5 0-1

[Event "4NCL-9899A BR-WES"]
[Site "Rd4-Birmingham"]
[Date "1998.11.22"]
[Round "4.5"]
[White "Cobb, Charles"]
[Black "Simons, Martin"]
[Result "0-1"]
[WhiteElo "2275"]
[BlackElo "2170"]
[PlyCount "140"]
[EventDate "1998.11.22"]

1. e4 d5 2. exd5 Nf6 3. d4 Nxd5 4. Be2 g6 5. Nf3 Bg7 6. O-O O-O 7. c4 Nb6 8.
Nc3 Nc6 9. d5 Ne5 10. Nxe5 Bxe5 11. Bh6 Re8 12. f4 Bh8 13. f5 Bxf5 14. Qd2 Qd6
15. Rxf5 gxf5 16. Nb5 Qf6 17. Nxc7 Qd4+ 18. Qxd4 Bxd4+ 19. Kf1 Bxb2 20. Rd1 Be5
21. Nxe8 Rxe8 22. c5 Na4 23. Re1 Nc3 24. Bf3 f6 25. g4 Rc8 26. gxf5 Rxc5 27.
Rc1 Rb5 28. Rc2 Rb1+ 29. Kf2 Ra1 30. Ke3 Rxa2 31. Rc1 Rxh2 32. Bf4 Bxf4+ 33.
Kxf4 Ne2+ 34. Bxe2 Rxe2 35. Rc7 Rd2 36. Rxe7 Rd4+ 37. Kg3 Rxd5 38. Rxb7 Rxf5
39. Rxa7 Rg5+ 40. Kf4 Rg7 41. Ra8+ Kf7 42. Kf5 Rg5+ 43. Kf4 Rb5 44. Rc8 Rg5 45.
Ra8 Rg8 46. Ra1 h5 47. Ra7+ Kg6 48. Ra1 Rg7 49. Rh1 Rb7 50. Rg1+ Kf7 51. Rc1
Rb4+ 52. Kf5 Rb5+ 53. Kf4 Kg6 54. Rg1+ Rg5 55. Ra1 Rg4+ 56. Kf3 Rb4 57. Ra5 h4
58. Kg2 Rb3 59. Rc5 h3+ 60. Kh2 f5 61. Rc4 Kg5 62. Ra4 Re3 63. Rb4 f4 64. Rb8
Kg4 65. Rg8+ Kf3 66. Kxh3 Ke2+ 67. Kh2 f3 68. Rf8 Re7 69. Ra8 f2 70. Ra2+ Kf3
0-1

[Event "4NCL-9899A BR-WES"]
[Site "Rd4-Birmingham"]
[Date "1998.11.22"]
[Round "4.6"]
[White "Noyce, Robert"]
[Black "Collier, David"]
[Result "1-0"]
[WhiteElo "2155"]
[BlackElo "2245"]
[PlyCount "67"]
[EventDate "1998.11.22"]

1. Nf3 Nf6 2. g3 b6 3. Bg2 Bb7 4. O-O e6 5. d3 Be7 6. Nbd2 O-O 7. e4 c5 8. Qe2
d6 9. h3 Qc7 10. Nh2 Nc6 11. c3 Rad8 12. f4 e5 13. f5 Ba6 14. g4 Nd7 15. Ndf3
f6 16. h4 b5 17. g5 Nb6 18. Ne1 d5 19. Qh5 dxe4 20. Bxe4 Bb7 21. Ng4 Bd6 22.
Kh2 c4 23. g6 h6 24. Bxh6 gxh6 25. g7 Qxg7 26. Nxh6+ Kh7 27. Nf7+ Kg8 28. Nxd8
Qh7 29. Qxh7+ Kxh7 30. Nxb7 Bb8 31. dxc4 Nxc4 32. Rd1 Ne3 33. Rd7+ Kh8 34. Rg1
{time} 1-0

[Event "4NCL-9899A BR-WES"]
[Site "Rd4-Birmingham"]
[Date "1998.11.22"]
[Round "4.7"]
[White "Moskovic, David"]
[Black "Pleasants, A."]
[Result "1-0"]
[WhiteElo "2235"]
[BlackElo "2144"]
[PlyCount "75"]
[EventDate "1998.11.22"]

1. e4 Nc6 2. Nc3 e5 3. Bc4 Nf6 4. d3 Na5 5. Nf3 Nxc4 6. dxc4 Bb4 7. Qd3 d6 8.
Bd2 O-O 9. a3 Bxc3 10. Bxc3 b6 11. O-O-O Bb7 12. Rde1 Qe8 13. Nh4 Nd7 14. Re3
Nc5 15. Qe2 Qe6 16. Bb4 a5 17. Bxc5 bxc5 18. a4 Bc6 19. b3 g6 20. g4 Qe7 21.
Rh3 Qg5+ 22. Kb2 Rab8 23. Ka3 Rb4 24. Rg1 Rfb8 25. Nf3 Qe7 26. Qe3 Bxa4 27. Qh6
f6 28. Nh4 Be8 29. Nf5 Qd7 30. g5 a4 31. gxf6 axb3 32. f7+ Qxf7 33. Rxg6+ Qxg6
34. Ne7+ Kf7 35. Nxg6 hxg6 36. cxb3 Ke6 37. Qg7 Bf7 38. Rf3 1-0

[Event "4NCL-9899A BR-WES"]
[Site "Rd4-Birmingham"]
[Date "1998.11.22"]
[Round "4.8"]
[White "Howard, Emily"]
[Black "Buckley, Melanie"]
[Result "1/2-1/2"]
[WhiteElo "2050"]
[BlackElo "2005"]
[PlyCount "102"]
[EventDate "1998.11.22"]

1. e4 e6 2. d4 d5 3. Nc3 Bb4 4. Nge2 dxe4 5. a3 Be7 6. Nxe4 Nf6 7. N2c3 O-O 8.
Bc4 Nbd7 9. Be3 Nb6 10. Nxf6+ Bxf6 11. Bb3 Nd5 12. Nxd5 exd5 13. O-O Bf5 14. c3
Qd7 15. Bc2 c6 16. Bd3 Rfe8 17. Qc2 Bxd3 18. Qxd3 Re7 19. Rfe1 Rae8 20. Re2 Re4
21. Rae1 Qe7 22. Kf1 h6 23. Bd2 Rxe2 24. Rxe2 Qxe2+ 25. Qxe2 Rxe2 26. Kxe2 Kf8
27. Bf4 Ke7 28. Kd3 Ke6 29. Bb8 a6 30. Bf4 Bh4 31. f3 Bd8 32. Be5 f6 33. Bg3 h5
34. h3 f5 35. Be5 Kf7 36. Bf4 Ke6 37. Be5 g6 38. Ke3 c5 39. Bf4 g5 40. Bh2 f4+
41. Kd3 c4+ 42. Kc2 Bc7 43. Kd1 Kf5 44. Ke2 Bd6 45. Bg1 b5 46. Bf2 g4 47. hxg4+
hxg4 48. Be1 Kg5 49. Bf2 Kh5 50. Be1 Kg5 51. Bd2 Kf5 1/2-1/2

[Event "4NCL-9899A IK-BCM"]
[Site "Rd4-Birmingham"]
[Date "1998.11.22"]
[Round "4.1"]
[White "Nunn, John"]
[Black "Chandler, Murray"]
[Result "1-0"]
[WhiteElo "2600"]
[BlackElo "2520"]
[PlyCount "79"]
[EventDate "1998.11.22"]

1. e4 g6 2. d4 Bg7 3. Nc3 c6 4. Bc4 d6 5. Qf3 e6 6. Nge2 b5 7. Bb3 a5 8. a3 Ba6
9. O-O Nd7 10. Bf4 Qe7 11. e5 d5 12. Qe3 h6 13. Qd2 Qd8 14. Rfe1 Ne7 15. Ng3 c5
16. Nce2 cxd4 17. Nxd4 Qc7 18. c3 Nb6 19. Rad1 Nc4 20. Qc1 Nc6 21. Nxc6 Qxc6
22. Ne2 Qb7 23. Nd4 Rc8 24. Rd3 Nb6 25. Rg3 b4 26. axb4 axb4 27. Bc2 g5 28. h4
bxc3 29. bxc3 gxf4 30. Rxg7 Rxc3 31. Qxf4 Qe7 32. Bg6 Rf8 33. Qxh6 Bc8 34. Nb5
Rc6 35. Nd6+ Rxd6 36. exd6 Qf6 37. Rb1 Nc4 38. Bxf7+ Rxf7 39. Qxf6 Rxf6 40. d7+
1-0

[Event "4NCL-9899A IK-BCM"]
[Site "Rd4-Birmingham"]
[Date "1998.11.22"]
[Round "4.2"]
[White "Bellin, Robert"]
[Black "McDonald, Neil"]
[Result "1/2-1/2"]
[WhiteElo "2360"]
[BlackElo "2490"]
[PlyCount "35"]
[EventDate "1998.11.22"]

1. Nf3 f5 2. g3 Nf6 3. Bg2 g6 4. c3 Bg7 5. Qb3 d5 6. d3 O-O 7. Nbd2 e6 8. O-O
Na6 9. Qc2 c6 10. b3 Qc7 11. Ba3 c5 12. e4 Bd7 13. Rae1 Rfe8 14. Bb2 c4 15.
exf5 cxd3 16. Qxd3 Nc5 17. Qb1 exf5 18. c4 1/2-1/2

[Event "4NCL-9899A IK-BCM"]
[Site "Rd4-Birmingham"]
[Date "1998.11.22"]
[Round "4.3"]
[White "Gormally, Danny"]
[Black "Richardson, John"]
[Result "1-0"]
[WhiteElo "2405"]
[BlackElo "2330"]
[PlyCount "113"]
[EventDate "1998.11.22"]

1. e4 d5 2. exd5 Qxd5 3. Nc3 Qa5 4. d4 Nf6 5. Nf3 c6 6. Bc4 Bg4 7. h3 Bh5 8.
Qe2 e6 9. Bd2 Bb4 10. g4 Bg6 11. Ne5 Nd5 12. Qf3 Nd7 13. Nxg6 hxg6 14. Kf1 Nxc3
15. bxc3 Be7 16. Kg2 g5 17. Rae1 Bf6 18. Qf5 Qa3 19. Bc1 Qxc3 20. Bxe6 O-O-O
21. Bb3 g6 22. Qd3 Qxd3 23. cxd3 Bxd4 24. Bxg5 f6 25. Bf4 Nc5 26. Bf7 g5 27.
Bg3 b6 28. Re7 Rd7 29. Re8+ Rxe8 30. Bxe8 Re7 31. Bxc6 Re2 32. a4 Kd8 33. Rd1
Ke7 34. Kf1 Rc2 35. Re1+ Be5 36. d4 Nd3 37. Re3 Rc1+ 38. Kg2 Rxc6 39. dxe5 Nxe5
40. Bxe5 fxe5 41. Rxe5+ Kf6 42. Rf5+ Kg6 43. a5 a6 44. axb6 Rxb6 45. Ra5 Rf6
46. Kg3 Rb6 47. f3 Rf6 48. Ra3 Kh6 49. h4 gxh4+ 50. Kxh4 Kg6 51. Kg3 Rb6 52. f4
Kh6 53. Kh4 Kg6 54. Ra5 Kf6 55. g5+ Kg6 56. f5+ Kf7 57. Rc5 1-0

[Event "4NCL-9899A IK-BCM"]
[Site "Rd4-Birmingham"]
[Date "1998.11.22"]
[Round "4.4"]
[White "Lyell, Mark"]
[Black "Ledger, Andrew"]
[Result "0-1"]
[WhiteElo "2225"]
[BlackElo "2450"]
[PlyCount "94"]
[EventDate "1998.11.22"]

1. e4 c6 2. d4 d5 3. exd5 cxd5 4. c4 Nf6 5. Nc3 e6 6. Nf3 Bb4 7. cxd5 Nxd5 8.
Bd2 Nc6 9. Bd3 Be7 10. O-O Nf6 11. Qb3 O-O 12. Rfd1 b6 13. Nb5 Bb7 14. Bc3 a6
15. Na3 b5 16. Ne5 Qb8 17. Nc2 Nxe5 18. dxe5 Ng4 19. Ne3 Nxe5 20. Bb4 Bxb4 21.
Qxb4 Nxd3 22. Rxd3 Rd8 23. Rxd8+ Qxd8 24. Rd1 Qc7 25. Qd6 Qxd6 26. Rxd6 Kf8 27.
Rd7 Bc8 28. Rc7 Ke8 29. h4 Bd7 30. h5 h6 31. b4 Kd8 32. Rc3 f5 33. Rd3 Ke7 34.
f4 Be8 35. g4 fxg4 36. Nxg4 Bxh5 37. Ne5 Be8 38. Rc3 Rd8 39. Rc7+ Kf6 40. Ra7
h5 41. Rxa6 g5 42. Nc6 Rd1+ 43. Kg2 gxf4 44. Kf3 Rd6 45. Nb8 Rxa6 46. Nxa6 Kf5
47. Ke2 h4 0-1

[Event "4NCL-9899A IK-BCM"]
[Site "Rd4-Birmingham"]
[Date "1998.11.22"]
[Round "4.5"]
[White "Vigus, James"]
[Black "Anderton, David"]
[Result "0-1"]
[WhiteElo "2290"]
[BlackElo "2205"]
[PlyCount "64"]
[EventDate "1998.11.22"]

1. Nf3 f5 2. g3 Nf6 3. Bg2 g6 4. O-O Bg7 5. c4 O-O 6. Nc3 d6 7. d4 Qe8 8. d5
Na6 9. Rb1 Nc5 10. b4 Nce4 11. Bb2 Bd7 12. Nxe4 Nxe4 13. Bxg7 Kxg7 14. c5 Qf7
15. Qd4+ Qf6 16. Rfc1 c6 17. cxd6 exd6 18. Qxf6+ Kxf6 19. Nd4 c5 20. Bxe4 cxd4
21. Bd3 Rac8 22. f4 a6 23. Kf2 Bb5 24. Bxb5 axb5 25. Ke1 Ra8 26. Rb2 Rfe8 27.
Rc7 d3 28. Rxh7 Rac8 29. Rxb7 Re4 30. Rxb5 Rc1+ 31. Kf2 Rc2 32. Rb1 Rcxe2+ 0-1

[Event "4NCL-9899A IK-BCM"]
[Site "Rd4-Birmingham"]
[Date "1998.11.22"]
[Round "4.6"]
[White "Bellin, Jana"]
[Black "Farndon, David"]
[Result "1/2-1/2"]
[WhiteElo "2170"]
[BlackElo "2250"]
[PlyCount "80"]
[EventDate "1998.11.22"]

1. d4 Nf6 2. Nf3 g6 3. c3 Bg7 4. Bg5 b6 5. e3 Bb7 6. Be2 O-O 7. Nbd2 c5 8. O-O
d6 9. h3 Nbd7 10. a4 a6 11. Rc1 Rc8 12. Qb3 Rc7 13. Ne1 cxd4 14. exd4 h6 15.
Bxf6 Bxf6 16. Bf3 Qa8 17. Nd3 Bg5 18. Bxb7 Qxb7 19. Rcd1 e6 20. Rfe1 Re8 21.
Ne4 Be7 22. Nf4 d5 23. Nd2 Nf6 24. Qc2 Bf8 25. Nf3 g5 26. Nd3 Ne4 27. Nfe5 Bg7
28. Re3 f6 29. Nf3 f5 30. Nfe5 Bf6 31. Qe2 Kh7 32. f3 f4 33. fxe4 fxe3 34. Qh5
Rg8 35. Ng4 Rg6 36. Nde5 Bxe5 37. Nxe5 Rf6 38. Ng4 Rg6 39. Ne5 Rf6 40. Ng4 Rg6
1/2-1/2